<?xml version="1.0" encoding="UTF-8"?>
<collection xmlns="http://www.loc.gov/MARC21/slim">
 <record>
  <leader>00501nam a22001575a 4500</leader>
  <controlfield tag="001">EUN.um027608</controlfield>
  <controlfield tag="003">AR-BaUNS</controlfield>
  <controlfield tag="005">20050623122904.0</controlfield>
  <controlfield tag="008">041125s1959####sp#a##########000#0#spa#d</controlfield>
  <datafield tag="245" ind1="1" ind2="0">
   <subfield code="a">Enfermedades de las hortalizas /</subfield>
   <subfield code="c">J. C. Walker.</subfield>
  </datafield>
  <datafield tag="260" ind1=" " ind2=" ">
   <subfield code="a">Barcelona :</subfield>
   <subfield code="b">Salvat,</subfield>
   <subfield code="c">1959.</subfield>
  </datafield>
  <datafield tag="300" ind1=" " ind2=" ">
   <subfield code="a">611 p. :</subfield>
   <subfield code="b">ilus. ;</subfield>
   <subfield code="c">20,5 cm.</subfield>
  </datafield>
  <datafield tag="100" ind1="1" ind2=" ">
   <subfield code="a">Walker, J. C.</subfield>
  </datafield>
  <datafield tag="082" ind1="0" ind2="4">
   <subfield code="a">581.2</subfield>
  </datafield>
  <datafield tag="859" ind1=" " ind2=" ">
   <subfield code="a">Ar-BaUNS</subfield>
   <subfield code="b">BIB. CENTRAL - Sector C</subfield>
   <subfield code="h">581.2</subfield>
   <subfield code="i">W151</subfield>
   <subfield code="p">1590/961</subfield>
  </datafield>
  <datafield tag="859" ind1=" " ind2=" ">
   <subfield code="a">Ar-BaUNS</subfield>
   <subfield code="b">Dto. Agronomia</subfield>
   <subfield code="h">581.2</subfield>
   <subfield code="i">W151</subfield>
   <subfield code="p">1591/961</subfield>
   <subfield code="t">Ej.3</subfield>
  </datafield>
 </record>
</collection>
